Rekordziści krajów w skokach narciarskich - Statystyki

Ogólne statystyki
  • Ten quiz został rozwiązany 738 razy
  • Średni wynik to 10 z 16
Statystyki odpowiedzi
Kraj Rekord Zawodnik % Poprawnych
Austria 253,5 Stefan Kraft
98%
Polska 251,5 Kamil Stoch
96%
Słowenia 250 Peter Prevc
90%
Norwegia 252 Robert Johansson
83%
Japonia 252 Ryoyu Kobayashi
82%
Stany Zjednoczone 244,5 Kevin Bickner
73%
Szwajcaria 239,5 Simon Ammann
67%
Niemcy 248 Markus Eisenbichler
64%
Włochy 232,5 Alex Insam
55%
Estonia 228 Artti Aigro
53%
Kanada 224 Mackenzie Boyd-Clowes
45%
Bułgaria 214 Władimir Zografski
40%
Finlandia 240 Janne Happonen
34%
Czechy 236 Antonin Hajek
31%
Rosja 237 Jewgienij Klimow
23%
Francja 230,5 Vincent Descombes Sevoie
21%
Nie znaleziono quizów pasujących do podanych kryteriów
Rozkład punktacji
Procent ludzi z każdym wynikiem
Percentyl według liczby udzielonych odpowiedzi
Twoja historia wyników
Nie rozwiązałeś tego quizu